[Event "Olympiad Women 2024"]
[Site "Budapest HUN"]
[Date "2024.09.12"]
[Round "2.38"]
[Board "4"]
[White "Olde, Grete"]
[Black "Bogantes Robleto, Karina"]
[Result "1/2-1/2"]
[WhiteElo "1952"]
[BlackElo "1766"]
[PlyCount "79"]
[EventDate "2024.09.11"]
[WhiteTeam "Estonia"]
[BlackTeam "Costa Rica"]
[WhiteTeamCountry "EST"]
[BlackTeamCountry "CRI"]

1. e4 c5 2. Nf3 Nc6 3. Bb5 g6 4. Bxc6 dxc6 5. d3 Bg7 6. h3 Nf6 7. Nc3 Nd7 8. Be3 e5 9. Qd2 h6 10. Nh2 b6 11. O-O-O Nf8 12. f4 exf4 13. Bxf4 Ne6 14. Be3 Nd4 15. Rde1 $146 ({RR} 15. Nf3 Be6 16. Kb1 Qe7 17. Bxd4 cxd4 18. Ne2 O-O-O 19. Nf4 Bd7 20. e5 c5 21. Rde1 Bc6 22. e6 Rhe8 23. Ne5 Bxe5 24. Rxe5 g5 25. Nh5 fxe6 26. Rhe1 Bd5 27. g4 Rf8 28. b3 Qf7 29. Qh2 Rd7 {0-1 Petenyi,T (2428)-Banusz,T (2606) SVK-chT 1819 2018 (9.2)}) ({RR} 15. Rdf1 Be6 16. Ng4 g5 17. Kb1 Qe7 18. Bxd4 cxd4 19. Ne2 Qd6 20. Nf6+ Bxf6 21. Rxf6 Bxa2+ 22. Kxa2 Qxf6 23. Ng3 O-O-O 24. Rf1 Qe5 25. Qe1 Rd7 26. Rf5 Qe6+ 27. Kb1 Rd5 28. Qf2 Rxf5 29. Nxf5 c5 {0-1 Lazic,E (2037)-Culum,S (2252) 51st Bosna Open 2022 (2.7)}) 15... Be6 16. Ng4 g5 17. e5 Bxg4 18. hxg4 Qe7 19. Bxd4 cxd4 20. Ne4 O-O 21. Ng3 Qe6 22. Kb1 Qxg4 23. Re4 Qe6 24. Qf2 f5 25. exf6 Qxf6 26. Qxf6 Rxf6 27. Rxd4 Raf8 28. Rd7 R6f7 29. Rxf7 Rxf7 30. Ne4 Rf5 31. c3 Kf8 32. Re1 Be5 33. d4 Bc7 34. Kc2 Kf7 35. Re2 h5 36. Nf2 g4 37. Kd3 Bg3 38. Ne4 Bc7 39. Nf2 Bg3 40. Ne4 1/2-1/2

[Event "Olympiad Women 2024"]
[Site "Budapest HUN"]
[Date "2024.09.12"]
[Round "2.39"]
[Board "1"]
[White "Cori T., Deysi"]
[Black "Smith, Olivia"]
[Result "1-0"]
[WhiteElo "2366"]
[BlackElo "2087"]
[PlyCount "81"]
[EventDate "2024.09.11"]
[WhiteTeam "Peru"]
[BlackTeam "Wales"]
[WhiteTeamCountry "PER"]
[BlackTeamCountry "WLS"]

1. Nf3 Nf6 2. g3 g6 3. Bg2 Bg7 4. O-O O-O 5. d4 d6 6. a4 Nc6 7. d5 ({RR} 7. Nc3 e5 8. dxe5 dxe5 9. Bg5 h6 10. Be3 Qe7 11. Qc1 Kh7 12. Rd1 Be6 13. a5 a6 14. Ne1 Rab8 15. Nd3 Nd7 16. Nd5 Bxd5 17. Bxd5 Nd4 18. Re1 e4 19. Nf4 c6 20. Ba2 Ne5 21. c3 {½-½ Smyslov,V (2600)-Sax,G (2575) Graz 1984}) ({RR} 7. Re1 e5 8. d5 Nb4 9. e4 c6 10. c3 Na6 11. Na3 Nc5 12. Nh4 cxd5 13. exd5 Bg4 14. f3 Bd7 15. Nc4 b5 16. axb5 Bxb5 17. Bf1 Qd7 18. Na5 Bxf1 19. Rxf1 Nb7 20. Nc6 Nd8 21. Ra6 Nxc6 {½-½ Hoang Thanh Trang (2382)-Mgeladze,K (2094) 24th ch-EUR Indiv w 2024 (1.22)}) 7... Nb4 8. Nc3 a5 $146 ({RR} 8... c6 9. e4 cxd5 10. exd5 Bf5 11. Nd4 Bg4 12. Qd2 Qd7 13. Re1 Rfe8 14. a5 Rac8 15. Bf1 a6 16. Bg2 Rc4 17. Nb3 Bf5 18. Ra4 Rxc3 19. bxc3 Nxc2 20. Rb4 Nxe1 21. Qxe1 Bh3 22. Bf3 Ng4 23. Nd4 {0-1 Simagin,V-Boleslavsky,I Moscow Training 1966 (3)}) ({RR} 8... e5 9. dxe6 fxe6 10. e4 e5 11. h3 a6 12. Qe2 Kh8 13. a5 Bd7 14. Be3 Qe7 15. Qd2 Nh5 16. Ne1 Rf7 17. Nd3 Nxd3 18. Nd5 Qd8 19. Qxd3 Be6 20. Qd2 Qd7 21. Kh2 Raf8 22. Ra3 Nf6 23. c4 {½-½ Bogdan,D (2380)-Grigore,G (2465) ROM-chT Predeal 1997 (3)}) 9. Bg5 h6 10. Be3 Bf5 11. Nd4 Bd7 12. h3 c6 13. dxc6 bxc6 14. Qd2 Kh7 15. f4 Nfd5 16. Nxd5 Nxd5 17. Bf2 e5 18. Nxc6 Bxc6 19. Bxd5 Bxd5 20. Qxd5 exf4 21. gxf4 Qc8 22. Qd3 Bxb2 23. Rab1 Bc3 24. Rb5 Bb4 25. f5 Qc6 26. Rb6 Qc7 27. Qd5 Rab8 28. Rc6 Qe7 29. Bd4 Bc5 30. Bxc5 dxc5 31. fxg6+ fxg6 32. Rxf8 Rxf8 33. Qxc5 Qxc5+ 34. Rxc5 Rf4 35. Rxa5 Rc4 36. Ra7+ Kg8 37. a5 Rxc2 38. Kf2 Rc3 39. a6 Rxh3 40. Rb7 Ra3 41. a7 1-0

[Event "Olympiad Women 2024"]
[Site "Budapest HUN"]
[Date "2024.09.12"]
[Round "2.39"]
[Board "2"]
[White "Camp, Imogen A L"]
[Black "Contreras Huaman, Fiorella"]
[Result "1/2-1/2"]
[WhiteElo "1923"]
[BlackElo "2168"]
[PlyCount "117"]
[EventDate "2024.09.11"]
[WhiteTeam "Wales"]
[BlackTeam "Peru"]
[WhiteTeamCountry "WLS"]
[BlackTeamCountry "PER"]

1. d4 d5 2. c4 e6 3. Nc3 a6 4. cxd5 exd5 5. Bf4 Nf6 6. e3 c6 7. Bd3 Bd6 8. Bxd6 Qxd6 9. Qc2 O-O 10. Nf3 Be6 11. O-O Nbd7 12. Rfc1 ({RR} 12. Na4 h6 13. Rfc1 Rfc8 14. Nc5 Rc7 15. a4 a5 16. Ra3 Bg4 17. Nd2 Nf8 18. Rb3 Bc8 19. Nf3 Qd8 20. Ne5 Re7 21. f3 Ne8 22. Qf2 Nd6 23. h3 Be6 24. Rbc3 Bf5 25. Bf1 Qe8 26. Ng4 h5 {0-1 Wolf,U (2195)-Buckels,V (2438) 34th Staufer-Open 2024 (4.12)}) 12... g6 $146 ({RR} 12... Rfe8 13. Rab1 Bg4 14. Nh4 Rac8 15. b4 b5 16. h3 Bh5 17. Bf5 Bg6 18. a4 Bxf5 19. Nxf5 Qe6 20. a5 Nh5 21. Ne2 g6 22. Nh4 Qe7 23. Nf3 Red8 24. Rb3 Ng7 25. Nf4 Ne8 26. Rc3 Nb8 27. Ne5 {1-0 Turov,M (2597)-Muhsen,A (2212) Bergen Sommer op 2017 (4)}) 13. Na4 Qe7 14. Rab1 Ne8 15. b4 Nd6 16. Nc5 Rfc8 17. a4 Bg4 18. Nd2 Nf6 19. a5 Kg7 20. Re1 Bf5 21. f3 Bxd3 22. Qxd3 Nb5 23. Rbd1 Re8 24. Nb1 Rad8 25. Nc3 Nxc3 26. Qxc3 Qc7 27. e4 dxe4 28. fxe4 Re7 29. Qf3 Nd7 30. Nd3 Qd6 31. Nc5 Nxc5 32. bxc5 Qf6 33. Qxf6+ Kxf6 34. Kf2 Red7 35. Ke3 Ke6 36. Re2 f5 37. e5 g5 38. Red2 Kd5 39. Kd3 f4 40. Re1 Re8 41. Rde2 Re6 42. Rf2 Rf7 43. Re4 Rh6 44. h3 Ke6 45. Re1 f3 46. Re3 fxg2 47. Rxg2 Rh5 48. Rb2 Rh4 49. Kc4 Rd7 50. Rd3 Rf4 51. Rg2 h6 52. Re2 Rf1 53. Ree3 Rdf7 54. Rb3 Rd7 55. Rf3 Rc1+ 56. Rbc3 Ra1 57. Ra3 Rc1+ 58. Rac3 Ra1 59. Ra3 1/2-1/2

[Event "Olympiad Women 2024"]
[Site "Budapest HUN"]
[Date "2024.09.12"]
[Round "2.39"]
[Board "3"]
[White "Garcia Andrada, Heidy Nicole"]
[Black "Smith, Lynda"]
[Result "1-0"]
[WhiteElo "2003"]
[BlackElo "1831"]
[PlyCount "109"]
[EventDate "2024.09.11"]
[WhiteTeam "Peru"]
[BlackTeam "Wales"]
[WhiteTeamCountry "PER"]
[BlackTeamCountry "WLS"]

1. e4 c5 2. c4 Nc6 3. Nc3 g6 4. g3 Bg7 5. Bg2 d6 6. Nge2 Nf6 7. h3 O-O 8. O-O Bd7 ({RR} 8... a6 9. a4 Bd7 10. d3 Qc8 11. Kh2 Qd8 12. Be3 Qb6 13. Kh1 Nd4 14. Rb1 e5 15. g4 Qd8 16. Kg1 h5 17. f3 Nh7 18. Nd5 Bc6 19. b3 Bd7 20. gxh5 Nf6 21. Nxf6+ Qxf6 22. f4 Qh4 23. Bxd4 {0-1 Arun Prasad,S (2384)-Singh,D (2395) IND-ch 43rd Visakhapatnam 2006 (9)}) 9. Rb1 Qc8 ({RR} 9... Rb8 10. a3 a6 11. b4 b5 12. cxb5 axb5 13. bxc5 dxc5 14. Rxb5 Rxb5 15. Nxb5 Ne5 16. a4 Nd3 17. Ba3 Qb6 18. Nec3 Rd8 19. Qc2 Be6 20. f4 Nb4 21. Qc1 Bc4 22. Rf3 Nd3 23. Qd1 e6 24. Bf1 {1-0 Niesel,T (1925)-Hoerchens,J (1832) Mittelrhein Verbandsliga-N 18/19 2018 (8.4)}) 10. Kh2 Nd4 $146 ({RR} 10... a6 11. a4 Rb8 12. d3 Re8 13. Be3 Nb4 14. Qd2 Qc7 15. f4 e6 16. Rf2 Bc6 17. Rbf1 Nd7 18. f5 exf5 19. exf5 Bxg2 20. fxg6 fxg6 21. Rxg2 Ne5 22. Nf4 Rf8 23. Qe2 Qd7 24. g4 Rbe8 25. Rd1 {0-1 Pirau,H (2160)-Bemak,M (2241) Miskolc op 2001 (4)}) 11. d3 Rb8 12. Nxd4 cxd4 13. Ne2 e5 14. b4 b5 15. cxb5 Bxb5 16. a4 Bd7 17. f4 Qa6 18. b5 Qb6 19. Ba3 Rfc8 20. Qd2 Ne8 21. f5 d5 22. fxg6 Qxg6 23. exd5 Bh6 24. Qd1 Bf5 25. Rb3 Nf6 26. Bf3 Rd8 27. g4 Bc8 28. Be7 Nxd5 29. Bxd8 Ne3 30. Qe1 Qd6 31. Be4 Nxf1+ 32. Qxf1 Qxd8 33. Ng3 Bf4 34. Kg2 Be6 35. Rb2 Rc8 36. Nh5 Rc1 37. Qf3 Bg5 38. Bf5 Bd5 39. Be4 Be6 40. Bf5 Bd5 41. Be4 Be6 42. Qg3 Qc7 43. Re2 Rc2 44. Qf2 Rxe2 45. Qxe2 Qc1 46. a5 Be3 47. h4 Kf8 48. b6 axb6 49. axb6 Qg1+ 50. Kh3 Bxg4+ 51. Qxg4 Qf1+ 52. Qg2 Qb1 53. Qg7+ Ke7 54. Qxe5+ Kf8 55. Qd6+ 1-0

[Event "Olympiad Women 2024"]
[Site "Budapest HUN"]
[Date "2024.09.12"]
[Round "2.39"]
[Board "4"]
[White "Chong, Kimberly"]
[Black "Hilario, Aleyla"]
[Result "0-1"]
[WhiteElo "1779"]
[BlackElo "1993"]
[PlyCount "80"]
[EventDate "2024.09.11"]
[WhiteTeam "Wales"]
[BlackTeam "Peru"]
[WhiteTeamCountry "WLS"]
[BlackTeamCountry "PER"]

1. e4 e6 2. d4 d5 3. e5 c5 4. c3 Nc6 5. Nf3 Qb6 6. Be2 Nh6 7. O-O cxd4 8. cxd4 Nf5 9. Nc3 Nfxd4 10. Nxd4 Qxd4 11. Qxd4 Nxd4 12. Bb5+ Nc6 ({RR} 12... Bd7 13. Bxd7+ Kxd7 14. Bf4 Bb4 15. Rae1 Bxc3 16. bxc3 Nb5 17. Rc1 Rhc8 18. Bd2 Rc4 19. Rc2 Rac8 20. Rb1 Nxc3 21. Rxb7+ R8c7 22. Rbb2 Ne2+ 23. Kh1 Rxc2 24. Rxc2 Rxc2 {0-1 Salamanca Paraguayo,M (1182)-Flesch,L (1571) 10th Floripa Open 2024 (2.170)}) 13. Be3 Bd7 14. Bxc6 Bxc6 15. f4 $146 ({RR} 15. Rfd1 Be7 16. Bd4 O-O 17. a3 Rfc8 18. f4 g6 19. Rac1 a6 20. Bb6 Bd8 21. Bd4 b5 22. b4 Bd7 23. Bc5 f5 24. Ne2 Kf7 25. Rc3 Be7 26. Rdc1 Bd8 27. Kf2 g5 28. g3 g4 29. Nd4 h5 {½-½ Meyer,G (1301)-Noelter,G (1519) Mecklenburg VP LL2 West 1011 2010 (5.7)}) 15... Be7 16. g4 f6 17. Bd4 h5 18. exf6 Bxf6 19. Bxf6 gxf6 20. g5 h4 21. Rfe1 Kf7 22. gxf6 Rag8+ 23. Kf2 Rg4 24. Ne2 Rhg8 25. Rg1 Kxf6 26. Rxg4 Rxg4 27. Kf3 Rg7 28. Nd4 e5 29. fxe5+ Kxe5 30. Nxc6+ bxc6 31. Re1+ Kd6 32. b4 Rf7+ 33. Ke3 Re7+ 34. Kd2 Rxe1 35. Kxe1 Ke5 36. Kd2 Kd4 37. Kc2 Kc4 38. a3 a6 39. Kb2 Kd3 40. Kb3 d4 0-1

[Event "Olympiad Women 2024"]
[Site "Budapest HUN"]
[Date "2024.09.12"]
[Round "2.40"]
[Board "1"]
[White "Antonova, Nadezhda"]
[Black "Cvitan, Ena"]
[Result "1/2-1/2"]
[WhiteElo "1967"]
[BlackElo "2259"]
[PlyCount "135"]
[EventDate "2024.09.11"]
[WhiteTeam "Tajikistan"]
[BlackTeam "Croatia"]
[WhiteTeamCountry "TJK"]
[BlackTeamCountry "CRO"]

1. Nf3 d5 2. e3 Bg4 3. c4 c6 4. cxd5 Bxf3 5. Qxf3 cxd5 6. Nc3 Nf6 7. d4 ({RR} 7. Bb5+ Nc6 8. Bxc6+ bxc6 9. b3 e6 10. Bb2 Be7 11. Rc1 O-O 12. O-O Qa5 13. Rc2 c5 14. d3 Qa6 15. Qe2 Nd7 16. Na4 Rfc8 17. Rfc1 Bf8 18. h4 h6 19. e4 d4 20. f4 Rab8 21. g3 Nb6 {½-½ Ivanchuk,V (2710)-Vitiugov,N (2721) Vladimir Petrov Memorial op rapid 2016 (11)}) 7... Nc6 8. Bd3 ({RR} 8. Bd2 e6 9. Bd3 Be7 10. O-O O-O 11. Rac1 Rc8 12. Qh3 g6 13. Rfd1 Re8 14. Be1 Bf8 15. Bb1 Bg7 16. f3 Nd7 17. Bf2 Nb6 18. b3 Qe7 19. g4 Red8 20. Qg2 e5 21. dxe5 Bxe5 22. Ne2 Bg7 {1-0 Materia,M (2430)-Kiremitciyan,A (2281) Titled Tue 30th Jan Early 2024 (1)}) 8... a6 $146 ({RR} 8... e6 9. O-O Be7 10. Rd1 O-O 11. Bd2 Rc8 12. Be1 Bd6 13. Rac1 Qe7 14. g3 a6 15. Bf1 Rc7 16. Qe2 Rfc8 17. Rb1 Nb8 18. f3 Nbd7 19. Bh3 b5 20. e4 dxe4 21. fxe4 e5 22. dxe5 Bxe5 23. Nd5 {½-½ Polugaevsky,L-Hort,V Interzonal-09b 1973 (15)}) ({RR} 8... e6 9. g4 Rc8 10. g5 Nd7 11. h4 a6 12. Qg2 Be7 13. f4 h6 14. Bd2 b5 15. f5 Nf8 16. g6 e5 17. gxf7+ Kxf7 18. Qxd5+ Qxd5 19. Nxd5 exd4 20. Rc1 dxe3 21. Bxe3 Nd7 22. Be2 Rhd8 23. a4 {1-0 Loeffler,S (2332)-Grimm,D (2301) TCh-AUT 2nd Ost 2023-24 (2.2)}) 9. O-O e6 10. Bd2 Bd6 11. Rfc1 O-O 12. Qd1 Rc8 13. Be1 Ne4 14. Nxe4 dxe4 15. Bxe4 Bxh2+ 16. Kf1 Bd6 17. Qd3 Qh4 18. g3 Qh2 19. Qb3 Rc7 20. Rc2 Rfc8 21. Rac1 Qh5 22. Kg1 h6 23. Kg2 Qg4 24. Qd3 h5 25. Bf3 Qg5 26. Bd2 h4 27. Be1 hxg3 28. Bxc6 gxf2+ 29. Kxf2 Rxc6 30. Rxc6 Rxc6 31. Rxc6 Qg3+ 32. Ke2 Qg2+ 33. Bf2 bxc6 34. e4 Be7 35. Ke1 Qh1+ 36. Ke2 Qh5+ 37. Kf1 Qb5 38. Qe2 Kf8 39. b3 Bd6 40. Qc4 f5 41. Ke2 fxe4 42. Qxb5 cxb5 43. Ke3 g5 44. Kxe4 Ke7 45. d5 Kd7 46. a4 b4 47. Kd4 g4 48. Ke4 Bh2 49. Bc5 exd5+ 50. Kxd5 a5 51. Ke4 Kc6 52. Bd4 Bc7 53. Be3 g3 54. Kf3 Kd5 55. Bg1 g2 56. Bf2 Bd8 57. Bg1 Ke5 58. Bf2 Kf5 59. Be3 Bc7 60. Bg1 Ke5 61. Bf2 Kd5 62. Bg1 Be5 63. Kxg2 Bd4 64. Bh2 Bb6 65. Kf3 Kd4 66. Bg1+ Kc3 67. Bxb6 Kxb3 68. Bxa5 1/2-1/2

[Event "Olympiad Women 2024"]
[Site "Budapest HUN"]
[Date "2024.09.12"]
[Round "2.40"]
[Board "2"]
[White "Berke, Ana"]
[Black "Saidova, Rukhshona"]
[Result "1/2-1/2"]
[WhiteElo "2093"]
[BlackElo "1873"]
[PlyCount "139"]
[EventDate "2024.09.11"]
[WhiteTeam "Croatia"]
[BlackTeam "Tajikistan"]
[WhiteTeamCountry "CRO"]
[BlackTeamCountry "TJK"]

1. b3 d5 2. Nf3 c5 3. Bb2 Nc6 4. e3 Nf6 5. Bb5 Bg4 6. h3 Bf5 ({RR} 6... Bxf3 7. Bxc6+ bxc6 8. Qxf3 e6 9. d3 Be7 10. Nd2 O-O 11. O-O Nd7 12. e4 f5 13. exf5 exf5 14. Rae1 Bf6 15. Bxf6 Qxf6 16. Qf4 g5 17. Qc7 Rf7 18. Nf3 g4 19. hxg4 fxg4 20. Qg3 Raf8 21. Ne5 {1-0 Potkin,V (2597)-Steinberg,N (2532) Wch Rapid St Petersburg 2018 (15)}) ({RR} 6... Bxf3 7. Bxc6+ bxc6 8. Qxf3 e6 9. g4 Nd7 10. c4 Qc7 11. Nc3 Rb8 12. d3 Be7 13. Ne2 O-O 14. Ng3 Bf6 15. Bxf6 Nxf6 16. O-O a5 17. Rfc1 a4 18. bxa4 Rb4 19. Rc2 Rxa4 20. Rb1 h6 21. Kg2 {½-½ Drazic,S (2531)-Berke,A (2140) Pula op 24th 2010 (4)}) 7. O-O $146 ({RR} 7. Bxc6+ bxc6 8. Ne5 Qc7 9. g4 Be4 10. f3 Bg6 11. d3 Nd7 12. f4 f6 13. Nxg6 hxg6 14. Qf3 e5 15. Nd2 Bd6 16. f5 g5 17. e4 Nb6 18. a4 d4 19. a5 Nd7 20. Nc4 Nb8 21. h4 gxh4 {1-0 Mollison,J (1917)-Sanderson,M Edinburgh CC op 2011 (3)}) ({RR} 7. Ne5 Rc8 8. g4 Bd7 9. Nxd7 Nxd7 10. Nc3 e6 11. Bf1 a6 12. a4 Be7 13. Bg2 Bf6 14. Qe2 Nb4 15. d3 O-O 16. O-O b5 17. axb5 axb5 18. g5 Bxc3 19. Bxc3 Qxg5 20. d4 Nxc2 21. Ra7 cxd4 {0-1 Salazar,A (1967)-Cordoba Roa,A (2145) COL Subzt 2.3.4 2021 (3)}) ({RR} 7. g4 Bg6 8. Ne5 Qc7 9. d3 Nd7 10. Bxc6 bxc6 11. Nxg6 hxg6 12. Nd2 e5 13. g5 Be7 14. Qg4 O-O-O 15. O-O-O Kb7 16. f4 Bd6 17. fxe5 Bxe5 18. Rdf1 Rhf8 19. Nf3 Bxb2+ 20. Kxb2 Ne5 21. Qf4 Rde8 {1-0 Langlois Remillard,A (1873)-Lalumiere,E (1595) Montreal op U2000 2016 (3.3)}) 7... Rc8 8. d3 e6 9. Nbd2 Bd6 10. Qe2 Bb8 11. e4 Bg6 12. Ne5 Bxe5 13. Bxe5 O-O 14. Bxc6 Rxc6 15. f4 h6 16. Rf2 Nd7 17. Bb2 f5 18. exd5 exd5 19. Re1 Re8 20. Qf1 Rce6 21. Rfe2 Rxe2 22. Rxe2 Bh5 23. Rxe8+ Qxe8 24. d4 Qe3+ 25. Qf2 Qe7 26. dxc5 Qxc5 27. Qxc5 Nxc5 28. Nf1 Bf7 29. Kf2 g5 30. Ke3 Ne6 31. Be5 gxf4+ 32. Kd3 Kh7 33. Nd2 Bh5 34. a4 Bd1 35. a5 b6 36. b4 bxa5 37. b5 Nc5+ 38. Kd4 Nd7 39. Bxf4 Be2 40. Kxd5 Bxb5 41. c4 Nb6+ 42. Kd4 Bc6 43. g3 a4 44. Kc5 Bg2 45. h4 a3 46. Kb4 a2 47. Be5 Kg6 48. Kb3 Nd7 49. Bd4 Kh5 50. Kxa2 Kg4 51. Bf2 a6 52. Kb3 Nf6 53. c5 Bd5+ 54. Kc3 f4 55. gxf4 Kxf4 56. Kd4 Bc6 57. Nc4 Ng4 58. Be1 Nh2 59. Bd2+ Kf5 60. Ne5 Bb7 61. Bxh6 Nf1 62. c6 Bc8 63. Bc1 Ng3 64. Kd5 Be6+ 65. Kc5 Kxe5 66. Kb6 Kd5 67. Kxa6 Kxc6 68. Bg5 Ne4 69. Ka5 Nxg5 70. hxg5 1/2-1/2

[Event "Olympiad Women 2024"]
[Site "Budapest HUN"]
[Date "2024.09.12"]
[Round "2.40"]
[Board "3"]
[White "Tolibova, Dilola"]
[Black "Ivekovic, Tihana"]
[Result "0-1"]
[WhiteElo "1831"]
[BlackElo "2143"]
[PlyCount "64"]
[EventDate "2024.09.11"]
[WhiteTeam "Tajikistan"]
[BlackTeam "Croatia"]
[WhiteTeamCountry "TJK"]
[BlackTeamCountry "CRO"]

1. e4 e5 2. Nf3 Nc6 3. Bc4 Nf6 4. d3 Bc5 5. Nc3 d6 6. h3 a6 7. a3 h6 8. Bd2 ({RR} 8. Be3 Bxe3 9. fxe3 O-O 10. O-O Be6 {½-½ Karpatchev,A (2472)-Flear,G (2475) Marseille op 2005 (8)}) 8... Qe7 ({RR} 8... O-O 9. O-O Re8 10. Be3 Ba7 11. Re1 Be6 12. Bxe6 Rxe6 13. Bxa7 Nxa7 14. d4 exd4 15. Nxd4 Re5 16. f4 Re8 17. Qf3 Kh8 18. Rad1 Nh7 19. Nf5 Nc6 20. Qg3 Rg8 21. e5 Qc8 22. Qg4 dxe5 23. fxe5 {1-0 Bantiwalu,A (1387)-Eshete,R (1454) Addis Ababa zt 4.4 (Women) 2022 (2)}) 9. Qe2 Be6 10. Nd5 $146 ({RR} 10. Bxe6 Qxe6 11. Be3 Bxe3 12. fxe3 d5 13. exd5 Nxd5 14. Nxd5 Qxd5 15. O-O e4 16. Nh2 exd3 17. cxd3 O-O-O 18. Rad1 f6 19. d4 Rhe8 20. Qf2 Kb8 21. Rfe1 f5 22. Rc1 b6 23. Nf3 Kb7 24. Rc3 f4 {½-½ Kiyagan,E (1432)-Aysoy,V (1906) TUR-ch op Antalya 2008 (1.66)}) ({RR} 10. Bd5 Bxd5 11. exd5 Nd4 12. Nxd4 exd4 13. Qxe7+ Kxe7 14. Ne4 Nxd5 15. O-O Bb6 16. Rfe1 Kd7 17. Ng3 g6 18. Re2 Rae8 19. Rae1 Rxe2 20. Rxe2 c5 21. Re4 Bd8 22. c4 dxc3 23. bxc3 Ba5 24. Ne2 b5 {0-1 Jablonski,G (1618)-Glatty,Z (1950) Poznan op 20th 2011 (4)}) 10... Bxd5 11. exd5 Nd4 12. Nxd4 Bxd4 13. c3 Ba7 14. Be3 Bxe3 15. Qxe3 O-O 16. O-O Rfe8 17. Rae1 Qd7 18. Qf3 Nh7 19. g4 Rf8 20. Qe3 Rae8 21. Qa7 Qc8 22. Qe3 f5 23. f3 h5 24. Qe2 Qd8 25. Bb3 Qh4 26. Kg2 Ng5 27. Rh1 e4 28. dxe4 fxe4 29. fxe4 Rxe4 30. Qd2 Rxg4+ 31. hxg4 Qxg4+ 32. Kh2 Nf3# 0-1

[Event "Olympiad Women 2024"]
[Site "Budapest HUN"]
[Date "2024.09.12"]
[Round "2.40"]
[Board "4"]
[White "Vujnovic, Patricija"]
[Black "Mashabova, Shukrona"]
[Result "1-0"]
[WhiteElo "2134"]
[BlackElo "1711"]
[PlyCount "121"]
[EventDate "2024.09.11"]
[WhiteTeam "Croatia"]
[BlackTeam "Tajikistan"]
[WhiteTeamCountry "CRO"]
[BlackTeamCountry "TJK"]

1. d4 d5 2. e3 Nf6 3. Bd3 Bg4 4. f3 Bh5 5. Ne2 Nbd7 6. c4 ({RR} 6. Ng3 Bg6 7. O-O e6 8. Nc3 c5 9. Nce2 Bd6 10. c3 O-O 11. f4 Qc7 12. Bxg6 hxg6 13. Qd3 Rfc8 14. Bd2 b5 15. Rac1 Rab8 16. Kh1 a5 17. Ng1 c4 18. Qc2 b4 19. Nf3 a4 20. Ne5 b3 {0-1 Habla,J (2333)-Lioe,D (2418) Tagaytay City zt 3.3 2011 (2)}) ({RR} 6. Nf4 Bg6 7. Nxg6 hxg6 8. c4 e5 9. c5 c6 10. Nc3 Nh5 11. Kd2 exd4 12. exd4 Qg5+ 13. Kc2 Qxg2+ 14. Qe2+ Qxe2+ 15. Nxe2 Be7 16. b4 a6 17. a4 Nhf6 18. Bd2 Nf8 19. b5 N6d7 20. bxc6 bxc6 {1-0 Kostov,N (1631)-Georgiev,N (1588) Sofia MGU op 196th 2017 (2)}) 6... e5 7. cxd5 Nxd5 8. O-O $146 ({RR} 8. Nbc3 Nxc3 9. bxc3 Qh4+ 10. g3 Qf6 11. O-O Bd6 12. Be4 c6 13. Rb1 Nb6 14. Qc2 Qe7 15. c4 c5 16. dxe5 Bxe5 17. a4 Rb8 18. a5 Nc8 19. Nf4 Bg6 20. Nd5 Bxe4 21. Qxe4 Nd6 22. Qd3 Qd8 {1-0 Marshall,F-Gregory,B Match Marshall-Gregory +4-1=0 1908 (4)}) 8... Bd6 9. Nbc3 N5f6 10. Nb5 Be7 11. Ng3 Bg6 12. Nf5 Bxf5 13. Bxf5 a6 14. Nc3 O-O 15. d5 Nb6 16. e4 Nc4 17. Qe2 Bc5+ 18. Kh1 Nd6 19. Bh3 Nd7 20. f4 Bd4 21. Bxd7 Qxd7 22. fxe5 Bxe5 23. Bf4 Rae8 24. Bxe5 Rxe5 25. Qd3 Qg4 26. Qf3 Qxf3 27. gxf3 Rfe8 28. Rac1 R5e7 29. Na4 f5 30. Nc5 fxe4 31. fxe4 c6 32. dxc6 bxc6 33. Nxa6 Nxe4 34. Rxc6 Nd2 35. Rf2 Re1+ 36. Kg2 Ne4 37. Rfc2 Nf6 38. Rc8 Rxc8 39. Rxc8+ Kf7 40. Rc2 Nd5 41. Rd2 Nf4+ 42. Kf3 Rf1+ 43. Ke4 Ne6 44. Ke3 Re1+ 45. Kf2 Rh1 46. Kg2 Rb1 47. Nb4 g5 48. Nd5 h5 49. h3 Nc5 50. Nc3 Rc1 51. Nd5 Ke6 52. Ne3 Ne4 53. Rd1 Rxd1 54. Nxd1 Kd5 55. Nc3+ Kd4 56. Nxe4 Kxe4 57. b4 Kd5 58. a4 Kc6 59. Kf3 Kb6 60. Ke4 Kc6 61. Kf5 1-0

[Event "Olympiad Women 2024"]
[Site "Budapest HUN"]
[Date "2024.09.12"]
[Round "2.42"]
[Board "1"]
[White "Ollet, Myra"]
[Black "Clarke, Adani"]
[Result "0-1"]
[WhiteElo "1658"]
[BlackElo "1919"]
[PlyCount "116"]
[EventDate "2024.09.11"]
[WhiteTeam "Guam"]
[BlackTeam "Jamaica"]
[WhiteTeamCountry "GMA"]
[BlackTeamCountry "JAM"]

1. d4 e6 2. Nf3 Nf6 3. c3 d5 4. Nbd2 c5 5. e3 Bd6 6. Be2 ({RR} 6. Bd3 O-O 7. O-O {½-½ Lazic,M (2431)-Budisavljevic,L (2492) Novi Sad TS Mix 144th 2020 (9)}) ({RR} 6. Bb5+ Bd7 7. Ba4 Bxa4 8. Qxa4+ Nbd7 9. Nb3 O-O 10. O-O a6 11. Bd2 c4 12. Nc1 b5 13. Qc2 Qc7 14. b3 Ne4 15. Ne2 f5 16. Nf4 Rf6 17. Rac1 g5 18. Nh5 Rh6 19. Nxg5 Bxh2+ 20. Kh1 Nxg5 {0-1 SANKYA Tracie-Acham,M (1667) Olympiad Women 2024 (3.78)}) 6... O-O 7. O-O Qc7 $146 ({RR} 7... Nc6 8. a3 a5 9. dxc5 Bxc5 10. Nb3 Be7 11. Nbd4 a4 12. Bb5 Bd7 13. Qe2 Qb6 14. Bd3 Bc5 15. Rd1 Rfe8 16. Nxc6 bxc6 17. Ne5 Bc8 18. Ng4 Nxg4 19. Qxg4 e5 20. Qh4 e4 21. Bc2 Re6 22. c4 {1-0 Szollosi,L (2291)-Szilagyi,Z (2296) HUN-chT2 Maroczy 0506 2005 (11)}) ({RR} 7... Nc6 8. Qc2 e5 9. dxc5 Bxc5 10. e4 Bg4 11. exd5 Qxd5 12. Bc4 Qd7 13. Ne4 Bxf3 14. Nxf6+ gxf6 15. gxf3 Qh3 16. Be3 Kh8 {0-1 Rapport,J-Aksentijevic,M (2177) Belgrade Jezero op 09th 2003 (1)}) 8. h3 b6 9. b3 Ba6 10. Bb2 Bxe2 11. Qxe2 Nc6 12. Rac1 Qb7 13. e4 Bf4 14. Rcd1 cxd4 15. g3 Bxd2 16. Nxd2 dxc3 17. Bxc3 Qe7 18. e5 Nd7 19. Nf3 Nc5 20. Nd4 Rfc8 21. Nb5 Ne4 22. Bb2 a6 23. Ba3 Qg5 24. Nd6 Nxd6 25. Bxd6 Na5 26. Kg2 Nb7 27. f4 Qf5 28. Bb4 Rc2 29. Rd2 Rac8 30. g4 Rxd2 31. Bxd2 Qe4+ 32. Qxe4 dxe4 33. Rc1 Rxc1 34. Bxc1 f5 35. b4 Kf7 36. Be3 b5 37. Bb6 Ke7 38. g5 Kd7 39. Kf2 Kc6 40. Bd4 Kd5 41. Ke3 Kc4 42. a3 Kb3 43. Bc5 Kxa3 44. Be7 Kb3 45. h4 Kc4 46. h5 g6 47. hxg6 hxg6 48. Bd6 Nd8 49. Kd2 Nc6 50. Bc5 Nxb4 51. Be3 a5 52. Kc1 Nd5 53. Bd2 b4 54. Kb2 a4 55. Kc2 a3 56. Kb1 b3 57. Ka1 b2+ 58. Ka2 Nc3+ 0-1

[Event "Olympiad Women 2024"]
[Site "Budapest HUN"]
[Date "2024.09.12"]
[Round "2.42"]
[Board "2"]
[White "Miller, Rachel"]
[Black "Ramas, Carmina Jasmine"]
[Result "1-0"]
[WhiteElo "1912"]
[BlackElo "1712"]
[PlyCount "107"]
[EventDate "2024.09.11"]
[WhiteTeam "Jamaica"]
[BlackTeam "Guam"]
[WhiteTeamCountry "JAM"]
[BlackTeamCountry "GMA"]

1. e4 d6 2. d4 Nf6 3. Nc3 g6 4. Be3 Bg7 5. Qd2 c6 6. Nf3 Qc7 7. h3 Nbd7 8. Bh6 O-O ({RR} 8... Bxh6 9. Qxh6 b5 10. Bd3 Bb7 11. O-O Rg8 12. Ng5 e5 13. dxe5 dxe5 14. Nxh7 Nh5 15. Be2 O-O-O 16. Bxh5 gxh5 17. Qxh5 Rg6 18. Qf5 Kb8 19. h4 Rdg8 20. Ng5 b4 21. Ne2 Ba6 22. Rfd1 Nc5 23. Ng3 {½-½ Ohanyan,E (2354)-Santiago,Y (2513) Novi Sad Serbia op-A 2022 (6)}) 9. Bd3 e5 10. dxe5 $146 ({RR} 10. Bxg7 Kxg7 11. O-O b5 12. dxe5 dxe5 13. a4 b4 14. Ne2 a5 15. Qe3 Re8 16. Ng3 Nf8 17. Rfc1 Ne6 18. c3 Rb8 19. cxb4 Rxb4 20. Rc2 Bd7 21. Rac1 Rxa4 22. Bb5 Rb4 23. Bxc6 Bxc6 24. Rxc6 Qb8 {1-0 Dmitrenko,V (2456)-Ozen,B (2369) Titled Tuesday intern op 16th Feb blitz 2021 (2)}) 10... dxe5 11. Bxg7 Kxg7 12. Qg5 h6 13. Qe3 a5 14. a4 Re8 15. g4 Qb6 16. Qxb6 Nxb6 17. Nd2 Be6 18. Rb1 Ra7 19. O-O g5 20. b3 Ng8 21. Nd1 Ne7 22. Ne3 Ng6 23. Ndc4 Nd7 24. Nd6 Rf8 25. Rfd1 Nf4 26. Bf1 Nc5 27. f3 b6 28. Nec4 Bxc4 29. Nxc4 Nd7 30. Rd6 b5 31. Ne3 Nf6 32. Nf5+ Kg6 33. Rxc6 Rd8 34. axb5 Rad7 35. Ne3 Kg7 36. b6 Rb7 37. Rd1 Rxd1 38. Nxd1 Nd7 39. Rc7 Rxc7 40. bxc7 Nb6 41. Ba6 Nxh3+ 42. Kf1 Nf4 43. c8=Q Nxc8 44. Bxc8 Ng6 45. Nb2 Kf8 46. Nc4 f6 47. Nxa5 Ke7 48. Nb7 Nh8 49. b4 Nf7 50. b5 Nd6 51. Nxd6 Kxd6 52. b6 Kc6 53. b7 Kc7 54. c4 1-0